| 000 | 00481nam a2200181Ia 4500 | ||
|---|---|---|---|
| 005 | 20140311163142.0 | ||
| 008 | 140130s9999 xx 000 0 und d | ||
| 020 | _a0717298469 | ||
| 050 |
_aHV 741 _b.B47 2006 |
||
| 100 |
_aBerry, Joy _931474 |
||
| 245 |
_cBerry, Joy _aHelp me be good! Parent's guide / |
||
| 260 |
_bScholastic, _aNew York : _c2006. |
||
| 300 |
_a1 v. (unpaged) : _bcol. ill. ; _c20 cm. |
||
| 521 | _aG4 | ||
| 526 | _c660 | ||
| 942 |
_cBK _2lcc |
||
| 999 |
_c42039 _d42039 |
||